LEADER 02403nam 2200565Ia 450 001 9910696916803321 005 20230902161939.0 035 $a(CKB)5470000002383727 035 $a(OCoLC)565830179 035 $a(EXLCZ)995470000002383727 100 $a20100322d2002 ua 0 101 0 $aeng 135 $auran||||||||| 181 $ctxt$2rdacontent 182 $cc$2rdamedia 183 $acr$2rdacarrier 200 00$aGuidance for industry$b[electronic resource] $edrugs, biologics and medical devices derived from bioengineered plants for use in humans and animals 210 1$aRockville, MD :$cU.S. Dept. of Health and Human Services, Food and Drug Administration, Center for Biologics Evaluation and Research,$d[2002] 215 $a1 electronic resource (i, 27 pages) 300 $a"Draft guidance." 300 $a"Center for Drug Evaluation and Research (CBER)." 300 $a"Center for Food Safety and Applied Nutrition (CFSAN)." 300 $a"Center for Devices and Radiological Health (CDER)." 300 $a"Center for Veterinary Medicine (CVM)." 300 $a"U.S. Department of Agriculture." 300 $a"Animal and Plant Health Inspection Service (APHIS)." 300 $a"Center for Veterinary Biologics (CVB)." 300 $a"Biotechnology Regulatory Services (BRS)." 300 $a"September 2002." 320 $aIncludes bibliographical references (pages 24-25). 517 $aGuidance for industry 606 $aPharmaceutical biotechnology$zUnited States 606 $aMedical instruments and apparatus$zUnited States 606 $aVeterinary biologicals$zUnited States 615 0$aPharmaceutical biotechnology 615 0$aMedical instruments and apparatus 615 0$aVeterinary biologicals 712 02$aCenter for Biologics Evaluation and Research (U.S.) 712 02$aCenter for Drug Evaluation and Research (U.S.) 712 02$aCenter for Food Safety and Applied Nutrition (U.S.) 712 02$aCenter for Devices and Radiological Health (U.S.) 712 02$aCenter for Veterinary Medicine (U.S.) 712 02$aCenter for Veterinary Biologics (U.S.) 712 02$aUnited States.$bAnimal and Plant Health Inspection Service.$bBiotechnology and Regulatory Services. 801 0$bGPO 801 1$bGPO 906 $aBOOK 912 $a9910696916803321 996 $aGuidance for industry$93434577 997 $aUNINA